| 000 | 00350nam a2200133 a 4500 | ||
|---|---|---|---|
| 001 | 3832 | ||
| 003 | CDMR | ||
| 005 | 20130116135249.0 | ||
| 008 | 130130s2008||||||||||||||||||||||||||||d | ||
| 040 |
_aCDMR _bcat _cCDMR |
||
| 245 | 0 | _a100=cent photos de Bettina Rheims pour la liberté de la presse | |
| 260 |
_c2008 _bReporters Sans Frontières |
||
| 942 | _cMON | ||
| 999 |
_c3832 _d3832 |
||